Top 25 Passing Yards of All Time - Statistics

General Stats
  • This quiz has been taken 43 times
  • The average score is 17 of 25
Answer Stats
Team Hint Answer % Correct
NE/TB Tom Brady
100%
NO Drew Brees
97%
NYG Eli Manning
97%
IND/DEN Peyton Manning
97%
GB Aaron Rodgers
95%
PIT Ben Roethlisberger
95%
GB Brett Favre
95%
ATL Matt Ryan
92%
MIA Dan Marino
90%
DET Matthew Stafford
90%
LAC Philip Rivers
90%
SF Joe Montana
85%
DEN John Elway
82%
SEA Russel Wilson
77%
BAL Joe Flacco
74%
ARI Carson Palmer
51%
LV Derek Carr
51%
IND Johnny Unitas
51%
LAC Dan Fouts
41%
NYG Fran Tarkenton
41%
MIN Kirk Cousins
36%
KC Warren Moon
28%
CAR Kerry Collins
23%
CAR Vinny Testaverde
13%
DAL Drew Bledsoe
10%
No matching quizzes found
Score Distribution
Percent of People with Each Score
Percentile by Number Answered
Your Score History
You have not taken this quiz